Statistics for Montenegro License Plates

Click here to take the quiz!

General Stats

  • This quiz has been taken 11 times
  • The average score is 16 of 25

Answer Stats

HintAnswer% Correct
KOKotor
100%
PGPodgorica
100%
HNHerceg Novi
90%
NKNikšić
90%
BDBudva
80%
TVTivat
80%
BRBar
70%
BPBijelo Polje
70%
ULUlcinj
70%
CTCetinje
60%
DGDanilovgrad
60%
GSGusinje
60%
PLPlav
60%
PVPljevlja
60%
TZTuzi
60%
ŽBŽabljak
60%
ANAndrijevica
50%
BABerane
50%
KLKolašin
50%
MKMojkovac
50%
Plužine
50%
RORožaje
50%
ŠNŠavnik
50%
ZTZeta
50%
PTPetnjica
40%

Score Distribution

Percentile by Number Answered

Percent of People with Each Score

Your Score History

You have not taken this quiz